Bureaucrazy Gets Crazier (Record no. 13729)

MARC details
000 -LEADER
fixed length control field 00362nam a22001577a 4500
003 - CONTROL NUMBER IDENTIFIER
control field OSt
008 - FIXED-LENGTH DATA ELEMENTS--GENERAL INFORMATION
fixed length control field 250917b |||||||| |||| 00| 0 eng d
020 ## - INTERNATIONAL STANDARD BOOK NUMBER
International Standard Book Number 9789322008086
082 ## - DEWEY DECIMAL CLASSIFICATION NUMBER
Classification number 354.54092 KAB
100 ## - MAIN ENTRY--PERSONAL NAME
Personal name KAW,MK
245 ## - TITLE STATEMENT
Title Bureaucrazy Gets Crazier
250 ## - EDITION STATEMENT
Edition statement 13th IMP
260 ## - PUBLICATION, DISTRIBUTION, ETC. (IMPRINT)
Place of publication, distribution, etc New Delhi
Name of publisher, distributor, etc Konark Pub
Date of publication, distribution, etc 2023
300 ## - PHYSICAL DESCRIPTION
Extent 196
942 ## - ADDED ENTRY ELEMENTS (KOHA)
Source of classification or shelving scheme Dewey Decimal Classification
Koha item type Reference Books
Holdings
Withdrawn status Lost status Source of classification or shelving scheme Damaged status Not for loan Collection code Home library Current library Date acquired Source of acquisition Currency Cost, normal purchase price Bill Number Total Checkouts Full call number Acc. no. / Barcode Date last seen Actual Cost, discounted price Bill Date Koha item type
    Dewey Decimal Classification     GENERAL PIET C-LIBRARY PIET C-LIBRARY 15/09/2025 Zaffa Books INR 350.00 ZBD0250   354.54092 KAB 39728 17/09/2025 262.50 14/09/2025 Reference Books

Design & Developed by: PIET Central Library
R70 Miles Stone Pattikalyana Samalkha Panipat 132102
mail ID :- [email protected], Phone No:- 0180-2569700 Ex.216